000 00787nam0a22002291 4500
001 rc\993892
005 20041129101622.3
035 _a(NLR Aleph) 006160857
090 _a5861299
_c5861299
100 _a20041129d1981 u |0rusy50 ca
101 0 _arus
102 _aRU
105 _aa |||||||||
200 1 _aКак мы ездили в зоосад
_e[Из кн. "Что я видел"
_eДля мл. шк. возраста]
_fБорис Житков
_g[Худож. Э. Акуваев]
210 _aМахачкала
_cДагучпедгиз
_d1981
215 _a[32] с.
_cцв. ил.
_d21
700 1 _aЖитков
_bБ. С.
_f1882-1938
_gБорис Степанович
801 0 _aRU
_bNLR
_gpsbo
801 1 _aRU
_bELAR
_2rusmarc
852 _aNLR
_j82-6/3332
942 _cBOOK
980 _aNB